Ümit kuşağı (Record no. 1578)

MARC details
000 -BAŞLIK
Sabit Uzunlukta Kontrol Alanı 00748na a2200265 4500
001 - KONTROL NUMARASI
Denetim Alanı 15512
003 - KONTROL NUMARASI IDENTIFIER
Denetim Alanı MIRAKIL
005 - SON İŞLEM TARİHİ VE ZAMANI
Denetim Alanı 20181213154827.0
008 - SABİT-BOY VERİ ELEMANLARI - GENEL BİLGİLER
Sabit Uzunlukta Kontrol Alanı 161018b tu 000 0
020 ## - ULUSLARARASI STANDART KİTAP NUMARASI
Uluslararası Standart Kitap Numarası 9751937191
035 ## - SİSTEM KONTROL NUMARASI
Sistem Kontrol Numarası 15512
040 ## - KATALOGLAMA KAYNAK
Orijinal Kataloglama Ajansı Milas
Kataloglama Dili tur
Metne Dönüştürmek Ajansı TR-AnCHP
041 ## - DİL KODU
Metin / Ses Parça Veya Ayrı Başlığın Dil Kodu tur
082 ## - DEWEY ONLU SINIFLANDIRMA NUMARASI
Sınıflandırma Numarası 813
Ürün Numarası Y44ü 2005
090 ## - SINIFLAMA NUMARASI
Sınıflama Numarası 813 Y44ü 2005
100 ## - ANA GİRİŞ - KİŞİSEL İSİM
Kişisel Ad Yılmaz,Emrullah Emin
245 ## - BAŞLIK TABLOSU
Başlık Ümit kuşağı
Başlığın Kalan "Engelsiz yarınlara..."
Sorumluluk Tablosu, Vb Emrullah Emin Yılmaz
246 ## - UNVAN FORM VARYING
Başlık Doğru / Kısa Başlığı "Engelsiz yarınlara..."
260 ## - YAYIN, DAĞITIM, VB
Yayın, Dağıtım, Vb Yeri Ankara
Yayıncı, Dağıtıcı, Vs Adı Diyanet İşleri Başkanlığı Yayınları
Yayın, Dağıtım, Vb Tarihi 2005
300 ## - FİZİKSEL TANIM
Kapsam 120 s.
Boyutlar 21 sm.
490 ## - SERİSİ TABLOSU
Seri Beyanı Çocuk Kitapları
Hacim / Ardışık Tanımı 162
650 ## - KONU KATMA GİRİŞ - TOPİKAL DÖNEM
Topikal Süreli Veya Coğrafi Ad Giriş Elemanı Türk edebiyatı
Genel Alt Bölümü Öykü
650 ## - KONU KATMA GİRİŞ - TOPİKAL DÖNEM
Topikal Süreli Veya Coğrafi Ad Giriş Elemanı Türkçe
Genel Alt Bölümü Öyküler
942 ## - EKLENDİ GİRİŞ ELEMANLARI (KOHA)
Sınıflandırma Veya Raf Düzeni Kaynak Dewey Decimal Classification
Koha Öğesi Türü Books
999 ## - SİSTEM KONTROL NUMARALARI (KOHA)
Koha Biblionumber 1578
Koha Biblioitemnumber 1578
Holdings
Kalıcı Konum Mevcut Konum Edinme Tarihi Edinim Kaynak Toplam Check-Out'Lar Tam Çağrı Numarası Barkod Tarih Son Görülme İtibaren Geçerli Fiyatlar Koha Öğesi Türü
CHP Kütüphanesi CHP Kütüphanesi 09/11/2016 Bağış   813 Y44ü 2005 003475 09/11/2016 09/11/2016 Books